Moderné formy globálneho terorizmu
Charakter moderných foriem globálneho terorizmu. Moderné formy globálneho terorizmu. Selektívny a neselektívny terorizmus. Charakteristika nukleárneho terorizmu. Politické dôsledky možného nukleárneho teroristického útoku. Vymedzenie chemického terorizmu. Charakteristika biologického terorizmu. Pot...
Gespeichert in:
| 1. Verfasser: | |
|---|---|
| Format: | Buchkapitel |
| Sprache: | Slowakisch |
| Schlagworte: | |
| Tags: |
Keine Tags, Fügen Sie das erste Tag hinzu!
|
MARC
| LEADER | 00000naa$a2200000$$$4500 | ||
|---|---|---|---|
| 001 | 0009398 | ||
| 005 | 20230929115052.6 | ||
| 041 | 0 | |a slo | |
| 044 | |a SK | ||
| 245 | 1 | 0 | |a Moderné formy globálneho terorizmu |c aut. Martin Sviatko |
| 520 | |a Charakter moderných foriem globálneho terorizmu. Moderné formy globálneho terorizmu. Selektívny a neselektívny terorizmus. Charakteristika nukleárneho terorizmu. Politické dôsledky možného nukleárneho teroristického útoku. Vymedzenie chemického terorizmu. Charakteristika biologického terorizmu. Potenciálne biologické zbrane. Samovražedný terorizmus. Environmentálny terorizmus. Vymedzenie kybernetického terorizmu. Opatrenia proti kyberterorizmu. Politický terorizmus. | ||
| 610 | 2 | 0 | |a terorizmus |
| 610 | 2 | 0 | |a politika medzinárodná |
| 610 | 2 | 0 | |a vojny |
| 610 | 2 | 0 | |a zbrane |
| 610 | 2 | 0 | |a organizácie |
| 100 | 1 | |a Sviatko, Martin | |